Statistics for Jojo rock/stone organisms

Click here to take the quiz!

General Stats

  • This quiz has been taken 17 times
  • The average score is 4 of 6

Answer Stats

HintAnswer% Correct
The " " IncidentRadio Gaga
85%
Urban guerilla's pet, it had its tongue out the whole timeDoremifasolati Do
77%
They built a trebuchet in the end fight Josuke vs Wonder of U, when it attacks something, the victim spews asbestos out of its holes, when it extends.Dododo De Dadada
69%
Yasuho flashback where she had sum in her hairHair Clip
62%
The dog that merged together with a rock, by equivalent exchangeIwasuke
62%
They were in the end fight too, just were in the cane of Wonder of U user and ripped some flesh of JosukeObladi Oblada
62%

Score Distribution

Percentile by Number Answered

Percent of People with Each Score

Your Score History

You have not taken this quiz